| 000 | 00616nam a2200205Ia 4500 | ||
|---|---|---|---|
| 001 | 9413 | ||
| 003 | GE_BSU | ||
| 008 | 181216s||||||||xx |||||||||||||| ||und|| | ||
| 040 | _cGE_BSU | ||
| 080 | _a821.353.1–32 | ||
| 100 | _aმიქიაშვილი,ვიტალი | ||
| 245 | _aორი მოთხრობა | ||
| 245 | _cრედ. მ.ჯაფარიძე,მხატვ.ტ.შეყილაძე | ||
| 260 | _aთბილისი | ||
| 260 | _bმერანი | ||
| 260 | _c1985 | ||
| 300 | _a175გვ.16სმ. | ||
| 653 | _aორი მოთხრობა | ||
| 942 | _cBK | ||
| 999 |
_c42707 _d42707 |
||